000 01024nam a2200277 a 4500
001 BRCA_3457
005 20190320204307.0
041 _ager
044 _agw
084 _a746
_b.H33
_c1858
100 1 _aHackländer, Friedrich Wilhelm
_99033
245 1 0 _aDer Neue Don Quixote
_cFriedrich Wilhelm Hackländer.
260 _aStuttgart
_bAdolph Krabbe
_c1858
300 _a5 v.
_c19 cm.
500 _aEs un viaje por España, en especial por Castilla, descrito con mucha fantasía por el autor, en el cual se notan reminiscencias del libro cervantino. Tela Lúdovik Osterc
500 _aEstado físico : Firma en la guarda
500 _aQMB104
546 _aTexto en : alemán
650 1 4 _aNovela española
_yÉpoca clásica, 1500-1700
_9215
650 1 4 _aLiteratura española
_yÉpoca clásica, 1500-1700
_9216
650 1 4 _aNovela española
_ySiglo XVII
_9217
650 1 4 _aDon Quijote (Personaje ficticio)
_eNovela
_9218
740 0 _aEl Ingenioso Hidalgo Don Quijote de la Mancha
902 _aQFM
942 _2lcc
_cB
999 _c3193
_d3193